000
00222nmm a2200085Ia 4500
008
220120s9999||||xx |||||||||||||||||und||
100
_a
EFY
245
0
_a
Tails 2.3, free BSD10.3, simplysity linux 16.4
260
_a
EFY
_b
Denmark
999
_c
140012
_d
140012